Album Titles by Antonym - Statistics

General Stats
  • This quiz has been taken 29 times
  • The average score is 9 of 24
Answer Stats
Hint Artist Album % Correct
The Easy Night's Day The Beatles A Hard Day's Night
96%
A Light Edge of a Sun Pink Floyd The Dark Side of the Moon
88%
-4 Foreigner 4
69%
PM Arctic Monkeys AM
69%
Frowny Frown The Beach Boys Smiley Smile
69%
False Avicii True
65%
Yellow Sun Prince and the Revolution Purple Rain
62%
You Hate Me The Neighborhood I Love You
58%
Truths Fleetwood Mac Rumors
58%
On a Floor Michael Jackson Off the Wall
50%
Sweet Olivia Rodrigo Sour
50%
Stuffed Against Construction Guns N' Roses Appetite for Destruction
42%
Tools out of a Basement Aerosmith Toys in the Attic
27%
Recreation as Unusual Men at Work Business as Usual
23%
Acute Dr. Dre Chronic
19%
Imprisonment Thin Lizzy Jailbreak
15%
Cold Contentment The Killers Hot Fuss
12%
M.A.G.I.C Incubus S.C.I.E.N.C.E
12%
Poems of Corruption U2 Songs of Innocence
12%
Cold Feelings Spoon Hot Thoughts
8%
A Moment Ago Simple Minds Once Upon a Time
4%
Rock Physicality Neon Trees Pop Psychology
4%
Myself and no one Unlike Me Matchbox Twenty Yourself or Someone Like You
4%
Living Beings in Stagnation The Police Ghosts on Tour
0%
No matching quizzes found
Score Distribution
Percent of People with Each Score
Percentile by Number Answered
Your Score History
You have not taken this quiz